Krajina a jej využívanie

Bibliographic Details
Main Author: Žigrai, Florin, 1941- (Author)
Format: Book
Language:Undetermined
PhysicalDescription:131 s.
Published: Brno Univerzita J.E.Purkyně 1983

MARC

LEADER 00000nam a2200000 a 4500
001 vtls001389017
003 SK-MaSNL
005 20260302034549.0
008 240315s1983 xr 0 und
035 |a SNK000343270 
040 |a SNK  |b slo  |c SNK  |e AACR2 
044 |a xr  |c CZ 
100 1 |a Žigrai, Florin,  |d 1941-  |4 aut  |9 105862 
245 1 |a Krajina a jej využívanie 
260 |a Brno  |b Univerzita J.E.Purkyně  |c 1983 
300 |a 131 s. 
958 |a OND 
999 |c 1066878  |d 1068808 
952 |a SNK  |b SNK  |y PREZ  |7 0  |p 17A0782270  |o snkSB 35435  |0 0  |1 0  |4 0  |d 2012-03-15  |l 0  |r 2025-04-11 00:00:00  |w 2026-02-24 
952 |t P60, <04>, [BOOK], {604}  |a SNK  |b SNK  |y VYP  |7 0  |p 17A0238911  |o snkSB 35435 D1  |0 0  |1 0  |4 0  |d 2000-05-18  |l 0  |r 2005-01-02 00:00:00  |w 2026-02-24